00466 a2200169 450000100060000002000180000604000260002410000310005024000210008124500160010230000100011836200090012865000240013794200070016195201110016899900170027948295 a9788516102197 cAnchieta - Bela Vista aSouza Herbert de (Betinho)10aMiltopéialpor10aMiltopéia a36 p.0 a2015 4aLiteratura infantil cBK 00104070a91.4b91.4d2023-11-21l0oLI 028.5 S729m SOU MILp73/BELr2023-11-21 17:39:34w2023-11-21yBK c48295d48295